| 000 | 00412nam a2200145Ia 4500 | ||
|---|---|---|---|
| 008 | 230917s9999||||xx |||||||||||||| ||und|| | ||
| 040 |
_e164158 _aMAIN |
||
| 041 | _aEnglish | ||
| 082 | _a891.43301731 SK58P | ||
| 100 | _aखाती, संजय | ||
| 245 | 0 | _aपिंटी का साबुन | |
| 260 |
_aनयी दिल्ली _bकिताबघर _c1996 |
||
| 300 | _a119 p. | ||
| 942 | _cHN | ||
| 999 |
_c104622 _d104622 |
||